| 000 | 00728nam a2200205Ia 4500 | ||
|---|---|---|---|
| 003 | GCL | ||
| 008 | 140319s9999 xx 000 0 ara d | ||
| 020 | _a352965977 | ||
| 040 |
_aGCL / _cGCL |
||
| 082 | 0 | 4 |
_a111 _bع ع |
| 100 | 1 | _aعلا مصطفى انور | |
| 245 | 1 | 0 |
_aعلاقة الفلسفة بالعلوم الانسانية : _b( دراسة فى فلسفة ميرلوبونتى ) / _cعلا مصطفى انور |
| 260 |
_aالقاهرة : _bدار الثقافة للنشر والتوزيع ، _c1994 |
||
| 300 |
_a424 ص ؛ _c22 سم |
||
| 650 | 0 | 4 | _aالفلسفة |
| 650 | 0 | 4 | _aالفلسفة الوجودية |
| 650 | 0 | 4 | _aالفلسفة الغربية |
| 650 | 0 | 4 | _aميرلوبونتى |
| 942 |
_2ddc _cBK |
||
| 999 |
_c31196 _d31196 |
||